| Tag |
First Indicator |
Second Indicator |
Subfields |
| LEADER |
00000cam a2200000Ii 4500 |
| 001 |
in00003713613 |
| 005 |
20161006150013.0 |
| 008 |
160330t20162016ne a b 001 0 eng d |
| 035 |
|
|
|a (OCoLC)ocn945719574
|
| 040 |
|
|
|a YDXCP
|b eng
|e rda
|c YDXCP
|d OCLCO
|d OCLCF
|d CDX
|d TXH
|d OCLCQ
|
| 020 |
|
|
|a 9463005021
|q (hardback)
|
| 020 |
|
|
|a 9789463005029
|q (hardback)
|
| 020 |
|
|
|a 9789463005012
|q (paperback)
|
| 020 |
|
|
|a 9463005013
|q (paperback)
|
| 020 |
|
|
|z 9789463005036
|q (ebook)
|
| 024 |
8 |
|
|a 99968631797
|
| 035 |
|
|
|a (OCoLC)945719574
|
| 050 |
|
4 |
|a LC3993
|b .G5214 2016
|
| 082 |
0 |
4 |
|a 371.95
|2 23
|
| 049 |
|
|
|a TXAM
|
| 245 |
0 |
0 |
|a Giftedness and talent in the 21st century :
|b adapting to the turbulence of globalization /
|c edited by Don Ambrose and Robert J. Sternberg ; foreword by Joseph S. Renzulli.
|
| 264 |
|
1 |
|a Rotterdam, The Netherlands :
|b Sense Publishers,
|c [2016]
|
| 264 |
|
4 |
|c ©2016
|
| 300 |
|
|
|a ix, 308 pages :
|b illustrations ;
|c 24 cm.
|
| 336 |
|
|
|a text
|b txt
|2 rdacontent
|
| 337 |
|
|
|a unmediated
|b n
|2 rdamedia
|
| 338 |
|
|
|a volume
|b nc
|2 rdacarrier
|
| 490 |
1 |
|
|a Advances in creativity and giftedness ;
|v volume 10
|
| 504 |
|
|
|a Includes bibliographical references and index.
|
| 650 |
|
0 |
|a Gifted children
|x Education.
|
| 650 |
|
0 |
|a Education and globalization.
|
| 650 |
|
7 |
|a Education and globalization.
|2 fast
|0 (OCoLC)fst01201691
|
| 650 |
|
7 |
|a Gifted children
|x Education.
|2 fast
|0 (OCoLC)fst00942566
|
| 700 |
1 |
|
|a Ambrose, Donald,
|d 1950-
|e editor.
|
| 700 |
1 |
|
|a Sternberg, Robert J.,
|e editor.
|
| 700 |
1 |
|
|a Renzulli, Joseph S.,
|e writer of foreword.
|
| 830 |
|
0 |
|a Advances in creativity and giftedness ;
|v v. 10.
|
| 945 |
|
|
|b 799485
|
| 947 |
|
|
|a A14843454217
|
| 994 |
|
|
|a 92
|b TXA
|
| 948 |
|
|
|a Cataloged
|b h
|c 2016/10/6
|d c
|e AReeder
|
| 999 |
f |
f |
|s 97aef277-9f2e-36cc-84d1-d59f40c550b7
|i b34837f6-9fe7-3978-baa4-ba59768289b3
|t 0
|
| 952 |
f |
f |
|p normal
|a Texas A&M University
|b College Station
|c Sterling C. Evans Library
|d Evans: Library Stacks
|t 0
|e LC3993 .G5214 2016
|h Library of Congress classification
|i unmediated -- volume
|m A14843454217
|
| 998 |
f |
f |
|a LC3993 .G5214 2016
|t 0
|l Evans: Library Stacks
|